Audio & Video Engineering Systems Principles, Maintenance and Troubleshooting (Record no. 7802)

MARC details
000 -LEADER
fixed length control field 00419nam a2200157Ia 4500
008 - FIXED-LENGTH DATA ELEMENTS--GENERAL INFORMATION
fixed length control field 221030s9999 xx 000 0 und d
020 ## - INTERNATIONAL STANDARD BOOK NUMBER
ISBN 0074621408
041 ## - LANGUAGE CODE
Language code of text/sound track or separate title
082 ## - DEWEY DECIMAL CLASSIFICATION NUMBER
Classification number 105.23
Item number Gup
100 ## - MAIN ENTRY--AUTHOR NAME
Personal name R. G. Gupta
245 #0 - TITLE STATEMENT
Title Audio & Video Engineering Systems Principles, Maintenance and Troubleshooting
Statement of responsibility, etc by R. G. Gupta
260 ## - PUBLICATION, DISTRIBUTION, ETC. (IMPRINT)
Name of publisher TMH
Place of publication New Delhi
Year of publication 1998
300 ## - PHYSICAL DESCRIPTION
Number of Pages 334
650 ## - SUBJECT ADDED ENTRY--TOPICAL TERM
Topical Term ECE
942 ## - ADDED ENTRY ELEMENTS (KOHA)
Koha item type Books
Holdings
Accession Number Cost, normal purchase price Full call number Price effective from Koha item type Withdrawn / writtenoff status Materials specified (bound volume or other part) Damaged status Not for loan Permanent Location Current Location Shelving location Date acquired Lost/ Missing status department
BE 486 105.00 105.23 Gup 10/30/2022 Books   Print     MIET Library, Jammu MIET Library, Jammu BL-Academic Block - A, FL-1, CUP-15, SH-6, R-6 11/19/1999   BE
BE 487 105.00 105.23 Gup 10/30/2022 Books   Print     MIET Library, Jammu MIET Library, Jammu BL-Academic Block - A, FL-1, CUP-15, SH-6, R-6 11/19/1999   BE